Informations security principles and practice / (Record no. 209453)

MARC details
000 -LEADER
fixed length control field 00700nam a22002177a 4500
005 - DATE AND TIME OF LATEST TRANSACTION
control field 20251128163704.0
010 ## - LCCN (DPL NO)
LC control number ENG-147204
020 ## - INTERNATIONAL STANDARD BOOK NUMBER
International Standard Book Number 9789354644313
Terms of availability 909.00
035 ## - SYSTEM CONTROL NUMBER
System control number EN-130736
037 ## - SOURCE OF ACQUISITION
Source of stock number/acquisition International book center
037 ## - SOURCE OF ACQUISITION
Source of stock number/acquisition DBAD
Stock number DPL
082 ## - DEWEY DECIMAL CLASSIFICATION NUMBER
Classification number 005.8
100 ## - MAIN ENTRY--PERSONAL NAME
Personal name Mark stamp
245 ## - TITLE STATEMENT
Title Informations security principles and practice /
Statement of responsibility, etc by Mark stamp , Ashutosh saxena
260 ## - PUBLICATION, DISTRIBUTION, ETC. (IMPRINT)
Place of publication, distribution, etc New Delhi
Name of publisher, distributor, etc Wiley India pvt.Ltd.
Date of publication, distribution, etc 2025
270 ## - ADDRESS
Address 4436/7, Ansari road,Daryaganj,
City New Delhi
Postal code 110002
300 ## - PHYSICAL DESCRIPTION
Extent 522p.:
Other physical details ill.
Dimensions 25cm (pbk)
500 ## - GENERAL NOTE
General note An Indian adaptation
700 ## - ADDED ENTRY--PERSONAL NAME
Personal name saxena, Ashutosh saxena
9 (RLIN) 78104
942 ## - ADDED ENTRY ELEMENTS (KOHA)
Source of classification or shelving scheme Dewey Decimal Classification
Item type English Books
Call number suffix MAR
Classification part 005.8
Holdings
Withdrawn status Lost status Not for loan Collection code Home library Current library Date acquired Source of acquisition Cost, normal purchase price Full call number Barcode Copy number Cost, replacement price Koha item type
      Non-fiction Sarojini Nagar Sarojini Nagar 28/11/2025 Delivery of Books Act Division 909.00 MAR 005.8 EN-130736 1 909.00 English Books

© Delhi Public Library
Hit Counter
free hit counter